000 00249nam a2200097Ia 4500
001 1151763
005 20250827011054.0
008 250824s9999 xx 000 0 und d
245 0 _aKIZIL DERELİ ÇOCUKLAR
_cMUZAFFER İZGÜ
260 _bBİLGİ ÇOCUK
999 _c1151763
_d1151763